The noble scholar, jurist, historian


 His Excellency Dr. Abdul Wahhab bin Ibrahim Abu Sulaiman, may Allah have mercy on him.


 He was born in Umm Al-Qura in the year 1356 AH.

جواهر العقدين في فضل الشرفين : (Record no. 356)

MARC details
000 -LEADER
fixed length control field 01465cam a22002891i 4500
003 - CONTROL NUMBER IDENTIFIER
control field SA-RiAUC
005 - DATE AND TIME OF LATEST TRANSACTION
control field 20240917071734.0
008 - FIXED-LENGTH DATA ELEMENTS--GENERAL INFORMATION
fixed length control field 240916m19841987iq g b f000 0cara c
040 ## - CATALOGING SOURCE
Original cataloging agency IQ-KaIHL
Language of cataloging ara
Transcribing agency SA-RiAUC.
Description conventions rda
050 #4 - LIBRARY OF CONGRESS CALL NUMBER
Item number . S2633J38 1984z
082 04 - DEWEY DECIMAL CLASSIFICATION NUMBER
Classification number 239.8
Assigning agency SA-RiAUC
Item number س م هـ
100 1# - MAIN ENTRY--PERSONAL NAME
Personal name السمهودي، علي بن عبد الله بن أحمد،
Dates associated with a name 844-911 هجري
Relator term مؤلف.
245 10 - TITLE STATEMENT
Title جواهر العقدين في فضل الشرفين :
Remainder of title شرف العلم الجلي والنسب العلي /
Statement of responsibility, etc. علي بن عبد الله الحسني السمهودي ؛ دراسة وتحقيق موسى بناي العليلي.
264 #1 - PRODUCTION, PUBLICATION, DISTRIBUTION, MANUFACTURE, AND COPYRIGHT NOTICE
Place of production, publication, distribution, manufacture [بغداد] :
Name of producer, publisher, distributor, manufacturer وزارة الأوقاف والشؤون الدينية،
Date of production, publication, distribution, manufacture, or copyright notice 1984
300 ## - PHYSICAL DESCRIPTION
Extent 2 مجلد.
336 ## - CONTENT TYPE
Content type term نص
Content type code txt
Source rdacontent
Materials specified كتاب
337 ## - MEDIA TYPE
Media type term بدون وسيط
Media type code n
Source rdamedia
338 ## - CARRIER TYPE
Carrier type term مجلد
Carrier type code nc
Source rdacarrier
490 1# - SERIES STATEMENT
Series statement إحياء التراث الإسلامي ؛
Volume/sequential designation 60
504 ## - BIBLIOGRAPHY, ETC. NOTE
Bibliography, etc. note يشتمل على إرجاعات ببليوجرافية.
505 2# - FORMATTED CONTENTS NOTE
Formatted contents note المحتويات : مجلد 1. العلم- مجلد 2. يضم النسب الشريف.
650 #7 - SUBJECT ADDED ENTRY--TOPICAL TERM
Topical term or geographic name entry element أهل بيت الرسول
General subdivision فضائل
Source of heading or term aucsh
700 1# - ADDED ENTRY--PERSONAL NAME
Personal name العليلي، موسى بناي علوان،
Dates associated with a name توفي 1995
Relator term محقق.
830 #0 - SERIES ADDED ENTRY--UNIFORM TITLE
Uniform title إحياء التراث الإسلامي (بغداد، العراق)
Volume/sequential designation 60
942 ## - ADDED ENTRY ELEMENTS (KOHA)
Source of classification or shelving scheme Dewey Decimal Classification
Koha item type Books
949 ## - LOCAL PROCESSING INFORMATION (OCLC)
a SA-JeALM
d 240916
u mohamedma123
n 1
Holdings
Withdrawn status Lost status Source of classification or shelving scheme Materials specified (bound volume or other part) Damaged status Not for loan Home library Current library Date acquired Total checkouts Full call number Barcode Date last seen Price effective from Koha item type
    Dewey Decimal Classification المجلد الاول     DR AbdElwahab Library DR AbdElwahab Library 09/17/2024   239.8 س م هـ 000000475 09/17/2024 09/17/2024 Books
    Dewey Decimal Classification المجلد الثاني     DR AbdElwahab Library DR AbdElwahab Library 10/22/2024   239.8 س م هـ 000002256 10/22/2024 10/22/2024 Books